Aufgaben zur ingenieurmathematik : ingenieurmathematik VII
Αποθηκεύτηκε σε:
| Κύριοι συγγραφείς: | , |
|---|---|
| Μορφή: | Βιβλίο |
| Γλώσσα: | German |
| Δημοσίευση: |
Mannheim :
Bibliographisches Institut,
1966
|
| Σειρά: | B.I.-Hochschultaschenbücher
; 95/95a |
| Θέματα: | |
| Ετικέτες: |
Προσθήκη ετικέτας
Δεν υπάρχουν, Καταχωρήστε ετικέτα πρώτοι!
|
MARC
| LEADER | 00000cam a2200000 a 4500 | ||
|---|---|---|---|
| 001 | 1/106640 | ||
| 008 | 150529s1966####gw | ||| |||| ||ger|| | ||
| 040 | |a GR-MyUa |b gre |c GR-MyUa |e AACR2 | ||
| 041 | 0 | |a ger | |
| 082 | 7 | |a 620.0042 |2 (23) | |
| 100 | 1 | |a Laugwitz, Detlef. | |
| 245 | 1 | 0 | |a Aufgaben zur ingenieurmathematik : |b ingenieurmathematik VII / |c von Detlef Laugwitz und Curt Schmieden. |
| 260 | |a Mannheim : |b Bibliographisches Institut, |c 1966 | ||
| 300 | |a 182 σ. : |b σχέδια ; |c 19 εκ. | ||
| 490 | 1 | |a (B.I.-Hochschultaschenbücher) |v ; 95/95a | |
| 650 | 0 | |a Engineering mathematics | |
| 700 | 1 | |a Schmieden, Curt, |e aut | |
| 830 | 0 | |a B.I.-Hochschultaschenbücher |v ; 95/95a | |
| 852 | |a INST |b SAMOS |c MAG |e 20150529 |h 620.0042 LAU |p 005300034621 |q 005300034621 |t BK |y 0 | ||
| 970 | |a Σιτζίμη |b Γιασεμή |z 29/05/2015 | ||